01445cam a2200361 a 4500001001400000003000800014005001700022006001900039007001500058008004100073020003800114040003000152049002600182050001500208082001500223100003000238245009000268260005200358300003900410520024900449521001700698588004700715504005100762650001600813650002300829655002900852700002000881710001600901776003500917856009600952942001601048999001901064EDZ0000085580StDuBDS20161031105146.0m||||||||d||||||||cr |||||||||||120521s1997 caua fo| 001|0|eng d a9781452233772 (ebook) :cNo price aStDuBDSbengcStDuBDSepn aAlfaisal Main Library 4aHF55448.8504a158.722231 aCartwright, Susan,d1951-10aManaging workplace stressh[electronic resource] /cSusan Cartwright, Cary L. Cooper. aThousand Oaks, Calif. ;aLondon :bSAGE,c1997. a1 online resource (184 p.) :bill.8 aThe authors focus on the stress created by organisational changes such as reallocation of roles and responsibilities, job redesign and job insecurity. They also highlight ways of dealing with everyday stress factors such as increased workloads. aSpecialized. aDescription based on print version record. aIncludes bibliographical references and index. 0aJob stress. 0aStress management. 7aElectronic books.2local1 aCooper, Cary L.2 aSage eBooks08iPrint version :z978076190193840uhttp://ezproxy.alfaisal.edu/login?url=http://sk.sagepub.com/books/managing-workplace-stress 2lcccEBOOKS c480600d480600